<?xml version="1.0" encoding="UTF-8"?><?xml-stylesheet type="text/xsl" href="static/style.xsl"?><OAI-PMH xmlns="http://www.openarchives.org/OAI/2.0/" xmlns:xsi="http://www.w3.org/2001/XMLSchema-instance" xsi:schemaLocation="http://www.openarchives.org/OAI/2.0/ http://www.openarchives.org/OAI/2.0/OAI-PMH.xsd"><responseDate>2026-04-27T03:43:06Z</responseDate><request verb="GetRecord" identifier="oai:repisalud.isciii.es:20.500.12105/11938" metadataPrefix="marc">https://repisalud.isciii.es/rest/oai/request</request><GetRecord><record><header><identifier>oai:repisalud.isciii.es:20.500.12105/11938</identifier><datestamp>2025-06-11T09:22:27Z</datestamp><setSpec>com_20.500.12105_8140</setSpec><setSpec>com_20.500.12105_5570</setSpec><setSpec>com_20.500.12105_2404</setSpec><setSpec>com_20.500.12105_2403</setSpec><setSpec>col_20.500.12105_8164</setSpec></header><metadata><record xmlns="http://www.loc.gov/MARC21/slim" xmlns:dcterms="http://purl.org/dc/terms/" xmlns:doc="http://www.lyncode.com/xoai" xmlns:xsi="http://www.w3.org/2001/XMLSchema-instance" xsi:schemaLocation="http://www.loc.gov/MARC21/slim http://www.loc.gov/standards/marcxml/schema/MARC21slim.xsd">
   <leader>00925njm 22002777a 4500</leader>
   <datafield ind2=" " ind1=" " tag="042">
      <subfield code="a">dc</subfield>
   </datafield>
   <datafield ind2=" " ind1=" " tag="720">
      <subfield code="a">Mansilla Izquierdo, Fernando</subfield>
      <subfield code="e">author</subfield>
   </datafield>
   <datafield ind2=" " ind1=" " tag="720">
      <subfield code="a">García Micó, Juan Carlos</subfield>
      <subfield code="e">author</subfield>
   </datafield>
   <datafield ind2=" " ind1=" " tag="720">
      <subfield code="a">Gamero Merino, Casimiro</subfield>
      <subfield code="e">author</subfield>
   </datafield>
   <datafield ind2=" " ind1=" " tag="720">
      <subfield code="a">Congosto Gonzalo, Aurora</subfield>
      <subfield code="e">author</subfield>
   </datafield>
   <datafield ind2=" " ind1=" " tag="260">
      <subfield code="c">2010-06</subfield>
   </datafield>
   <datafield ind2=" " ind1=" " tag="520">
      <subfield code="a">[ES] Introducción: Las patologías de los trabajadores como consecuencia directa del trabajo o que padecía anteriormente y se ve agravada por el mismo son diversas, entre otras las patologías musculoesqueléticas y psíquicas. Sin duda todo este ámbito de patología del trabajador se ve influenciada por su nivel de satisfacción/insatisfacción laboral. Objetivo: Conocer si la insatisfacción laboral del trabajador influye en la demanda de adaptación/cambio de puesto de trabajo por motivos de salud. Método: La muestra del presente estudio descriptivo ha estado formada por trabajadores municipales (funcionarios y contratados laborales) del Ayuntamiento de Madrid, que han solicitado cambio de puesto de trabajo por motivos de salud. Los instrumentos utilizados han sido: la entrevista, la revisión de informes de especialistas, un cuestionario sociodemográfico y la Escala General de Satisfacción Laboral Resultado: El perfil de que solicita cambio de puesto por motivos de salud con patología psíquica esquelética es mujer de 31 a 50 años casada/en pareja o separada/divorciada, con nivel educativo de Bachiller/Formación Profesional o Universitario Grado Medio, categoría Agente de Movilidad y Grupo C1, C2. [EN] Introduction: The conditions of workers as a direct result of work or suffered earlier and exacerbated by it are various, including musculoskeletal diseases and mental health. Without doubt this whole area of worker’s disease is influenced by their level of satisfaction / job dissatisfaction. Objective: To determine whether the worker’s job satisfaction influences the demand for adaptation / change of job for health reasons. Method: The sample of this descriptive study has been formed by municipal workers (staff and contract work) of the City of Madrid, who have applied for change of job for health reasons. Instruments used were: the interview, review of reports of specialists, a sociodemographic questionnaire and the General Job Satisfaction Scale Result: The profile change of job seeking on grounds of mental disease skeletal health is a woman from 31 to 50 years are married couples or separated / divorced, with educational level of Bachelor / College Degree or Training Environment, Mobility and Agent class Group C1, C2.</subfield>
   </datafield>
   <datafield ind1="8" ind2=" " tag="024">
      <subfield code="a">Med Segur Trab 2010; Vol.56 Nº 219;147-157</subfield>
   </datafield>
   <datafield ind1="8" ind2=" " tag="024">
      <subfield code="a">0465-546X</subfield>
   </datafield>
   <datafield ind1="8" ind2=" " tag="024">
      <subfield code="a">http://hdl.handle.net/20.500.12105/11938</subfield>
   </datafield>
   <datafield ind1="8" ind2=" " tag="024">
      <subfield code="a">10.4321/S0465-546X2010000200005</subfield>
   </datafield>
   <datafield ind1="8" ind2=" " tag="024">
      <subfield code="a">1989-7790</subfield>
   </datafield>
   <datafield ind1="8" ind2=" " tag="024">
      <subfield code="a">Medicina y Seguridad del Trabajo</subfield>
   </datafield>
   <datafield tag="653" ind2=" " ind1=" ">
      <subfield code="a">Satisfacción laboral</subfield>
   </datafield>
   <datafield tag="653" ind2=" " ind1=" ">
      <subfield code="a">Cambio puesto de trabajo</subfield>
   </datafield>
   <datafield tag="653" ind2=" " ind1=" ">
      <subfield code="a">Patologías psíquicas</subfield>
   </datafield>
   <datafield tag="653" ind2=" " ind1=" ">
      <subfield code="a">Job satisfaction</subfield>
   </datafield>
   <datafield tag="653" ind2=" " ind1=" ">
      <subfield code="a">Change of jobs</subfield>
   </datafield>
   <datafield tag="653" ind2=" " ind1=" ">
      <subfield code="a">Musculoskeletal disorders</subfield>
   </datafield>
   <datafield tag="653" ind2=" " ind1=" ">
      <subfield code="a">Psychological pathologies</subfield>
   </datafield>
   <datafield ind2="0" ind1="0" tag="245">
      <subfield code="a">Influencia de la insatisfacción laboral en las demandas de cambio de puesto de trabajo por motivos de salud</subfield>
   </datafield>
</record></metadata></record></GetRecord></OAI-PMH>